[Event "Championnat de Paris Open A"]
[Site "Paris"]
[Date "2012.07.10"]
[Round "4.47"]
[White "Dumas, Charles"]
[Black "Vallepin, Cedric"]
[Result "1/2-1/2"]
[WhiteElo "1967"]
[BlackElo "2125"]
[PlyCount "92"]
[EventDate "2012.??.??"]

1. e4 Nf6 2. e5 Nd5 3. c4 Nb6 4. c5 Nd5 5. Bc4 e6 6. d4 b6 7. cxb6 axb6 8. Nc3
Nxc3 9. bxc3 Bb7 10. Nf3 d6 11. O-O Nd7 12. Qe2 Ra5 13. Bf4 Be7 14. Rfd1 O-O
15. Bd3 Qa8 16. exd6 cxd6 17. Rd2 g6 18. Bg3 Nf6 19. Rc2 Ne4 20. Rb1 Ra3 21.
Rb3 Rxb3 22. axb3 Qa1+ 23. Qe1 Qxe1+ 24. Nxe1 Nxg3 25. hxg3 e5 26. dxe5 dxe5
27. Re2 f6 28. Be4 Bc8 29. Bd5+ Kg7 30. Ra2 Kh6 31. Ra8 Bf5 32. Ra7 Bd6 33. Rb7
Rd8 34. Bc4 Rb8 35. Rf7 Rf8 36. Rb7 Rb8 37. Rf7 b5 38. Be2 Rb6 39. g4 Be6 40.
Rxf6 Bxb3 41. Nf3 Ra6 42. Bxb5 Ra1+ 43. Kh2 Rd1 44. Be2 e4+ 45. g3 Rd5 46. Nd4
Be5 1/2-1/2

[Event "Championnat de Paris Open A"]
[Site "Paris"]
[Date "2012.07.10"]
[Round "4.48"]
[White "Dicko, Henri"]
[Black "Pass, Deborah J"]
[Result "1-0"]
[WhiteElo "2121"]
[BlackElo "1974"]
[PlyCount "76"]
[EventDate "2012.??.??"]

1. b3 g6 2. Bb2 Nf6 3. g3 Bg7 4. Bg2 O-O 5. Nf3 c5 6. c4 Nc6 7. O-O d6 8. Nc3
Bg4 9. h3 Bd7 10. d3 a6 11. e3 Rb8 12. d4 b5 13. cxb5 axb5 14. Re1 c4 15. a3
cxb3 16. Qxb3 b4 17. axb4 Nxb4 18. Reb1 Bf5 19. Ba3 Bxb1 20. Bxb4 Bf5 21. Qa3
Ra8 22. Ba5 Qc8 23. g4 Bd7 24. g5 Nh5 25. Nd5 Qc2 26. Ne1 Rxa5 27. Qxa5 Qb2 28.
Nxe7+ Kh8 29. Nd3 Qc2 30. Nb4 Qc3 31. Nbd5 Qxa5 32. Rxa5 Rb8 33. Ra6 h6 34.
Rxd6 Be6 35. Nxg6+ Kh7 36. Ngf4 Nxf4 37. Nxf4 Rb1+ 38. Kh2 Bc4 1-0

[Event "Championnat de Paris Open A"]
[Site "Paris"]
[Date "2012.07.10"]
[Round "4.50"]
[White "Marek, Yves"]
[Black "Renault, Nicolas"]
[Result "1-0"]
[WhiteElo "2070"]
[BlackElo "1957"]
[PlyCount "103"]
[EventDate "2012.??.??"]

1. d4 Nf6 2. Bg5 Ne4 3. Bh4 c5 4. f3 g5 5. fxe4 gxh4 6. e3 Bh6 7. d5 Bxe3 8.
Nd2 Bxg1 9. Rxg1 Qc7 10. Rh1 Qe5 11. c3 Rg8 12. Qc2 d6 13. O-O-O Bg4 14. Re1
Nd7 15. Be2 O-O-O 16. h3 Bxe2 17. Rxe2 Rg3 18. Rf1 Qh5 19. Nc4 f6 20. Ne3 Qg5
21. Qd2 Re8 22. Nf5 Rd3 23. Qxg5 fxg5 24. Kc2 Ne5 25. Ne3 b5 26. Rf5 Rg8 27.
Ng4 c4 28. Nxe5 dxe5 29. Rxe5 Kd7 30. d6 exd6 31. Rxb5 Kc6 32. Rb4 d5 33. exd5+
Rxd5 34. Rxc4+ Kd6 35. Rce4 Rg7 36. b4 h5 37. c4 Rf5 38. c5+ Kd7 39. Kc3 g4 40.
Kd4 Rf1 41. b5 Rd1+ 42. Kc4 Rh1 43. c6+ Kc7 44. Re7+ Rxe7 45. Rxe7+ Kd6 46.
Rd7+ Ke6 47. Rxa7 gxh3 48. gxh3 Rxh3 49. Rh7 Rh1 50. Kc5 h3 51. Rxh5 h2 52. Kb6
1-0

[Event "Championnat de Paris Open A"]
[Site "Paris"]
[Date "2012.07.10"]
[Round "4.51"]
[White "Lemerle, Alban"]
[Black "Jacques, Christian"]
[Result "1-0"]
[WhiteElo "2062"]
[BlackElo "1940"]
[PlyCount "49"]
[EventDate "2012.??.??"]

1. Nf3 Nf6 2. c4 c6 3. Nc3 d5 4. e3 e6 5. d4 Bb4 6. Bd3 O-O 7. O-O Nbd7 8. Qc2
dxc4 9. Bxc4 h6 10. Rd1 Qc7 11. Ne4 Nxe4 12. Qxe4 Nf6 13. Qh4 Be7 14. e4 Kh7
15. e5 Ng8 16. Bd3+ Kh8 17. Qh5 c5 18. dxc5 Bxc5 19. Bf4 Qe7 20. Rac1 Bb6 21.
Rc4 Bd7 22. Bg5 Qe8 23. Rg4 g6 24. Bxh6 f5 25. Rxg6 1-0

[Event "Championnat de Paris Open A"]
[Site "Paris"]
[Date "2012.07.10"]
[Round "4.52"]
[White "Guille, Jean-Luc"]
[Black "Denous, Cyprien"]
[Result "0-1"]
[WhiteElo "1962"]
[BlackElo "2053"]
[PlyCount "80"]
[EventDate "2012.??.??"]

1. d4 Nf6 2. c4 g6 3. Nc3 Bg7 4. e4 d6 5. Nf3 O-O 6. Be2 e5 7. O-O Nc6 8. d5
Ne7 9. b4 Nh5 10. Re1 a5 11. Ba3 axb4 12. Bxb4 b6 13. g3 f5 14. Ng5 Nf6 15. Bf3
h6 16. Ne6 Bxe6 17. dxe6 c5 18. exf5 Ra6 19. Bb7 Ra7 20. Nb5 Rxb7 21. Nxd6 Rb8
22. Bc3 Nfd5 23. Bxe5 Bxe5 24. Nf7 Qc7 25. Nxe5 Rxf5 26. Nd7 Nb4 27. Nxb8 Qxb8
28. Qd7 Nbc6 29. Rad1 Qf8 30. Qc7 Nd4 31. f4 Rf6 32. Rxd4 cxd4 33. Qxb6 Qc8 34.
c5 d3 35. Qd6 d2 36. Qxd2 Qxc5+ 37. Kg2 Qc6+ 38. Kh3 Rxe6 39. Qd8+ Kf7 40. Rd1
Re2 0-1

[Event "Championnat de Paris Open A"]
[Site "Paris"]
[Date "2012.07.10"]
[Round "4.53"]
[White "Grigorian, Roudolph"]
[Black "Eid, Maha"]
[Result "1-0"]
[WhiteElo "1944"]
[BlackElo "2051"]
[PlyCount "79"]
[EventDate "2012.??.??"]

1. e4 c5 2. Nf3 e6 3. d4 cxd4 4. Nxd4 a6 5. Nc3 Qc7 6. Be2 Nf6 7. O-O Nc6 8.
Be3 d6 9. f4 Be7 10. Bf3 Rb8 11. a4 Na5 12. Bf2 e5 13. Nde2 b6 14. f5 h5 15.
Ng3 Nc4 16. Nxh5 Nxh5 17. Bxh5 Nxb2 18. Nd5 Qd8 19. Qe2 Bd7 20. Bf3 b5 21. a5
Nc4 22. Nb6 Bh4 23. g3 Bg5 24. Rfd1 Qc7 25. h4 Bd8 26. Nxc4 bxc4 27. Qd2 Be7
28. Bb6 Qc6 29. Qe3 Bd8 30. Bxd8 Rxd8 31. Rab1 Qa4 32. Rxd6 Qxc2 33. Rbd1 Qb2
34. Qc5 O-O 35. Rxd7 Rxd7 36. Rxd7 c3 37. Rc7 Qc1+ 38. Kh2 Rd8 39. Qxc3 Rd2+
40. Bg2 1-0

[Event "Championnat de Paris Open A"]
[Site "Paris"]
[Date "2012.07.10"]
[Round "4.54"]
[White "Goeller, Charles"]
[Black "Bucaille, Guy"]
[Result "0-1"]
[WhiteElo "1943"]
[BlackElo "2046"]
[PlyCount "184"]
[EventDate "2012.??.??"]

1. e4 c5 2. Nc3 Nc6 3. f4 g6 4. Nf3 Bg7 5. Bb5 Nd4 6. Nxd4 cxd4 7. Ne2 Qb6 8.
Bd3 d5 9. e5 f6 10. exf6 Nxf6 11. Ng3 Bg4 12. Be2 Bxe2 13. Qxe2 O-O 14. d3 e5
15. fxe5 Nd7 16. Rf1 Bxe5 17. Rxf8+ Rxf8 18. b3 Qd6 19. Bh6 Re8 20. Kf1 Nf6 21.
Qf3 Bxg3 22. hxg3 Nh5 23. Bf4 {=} 23... Qe6 24. Kf2 Kg7 25. Rf1 Nf6 26. Kg1 Ng4
27. Bg5 h5 28. a4 a5 29. Bd2 b6 30. Qf4 Qf6 31. Qc7+ Re7 32. Rxf6 Rxc7 33. Rxb6
Rxc2 34. Be1 Re2 35. Kf1 Re3 36. Bxa5 Rxd3 37. Rb7+ Kf6 38. Bd8+ Ke6 39. a5
Rxg3 40. Re7+ Kd6 41. Bc7+ Kxe7 42. Bxg3 Kd7 43. a6 Kc6 44. b4 Ne3+ 45. Ke2 Nf5
46. b5+ Kb6 47. Bf4 Ng7 48. Kd3 Ne6 49. Be5 g5 50. Bxd4+ Kxb5 51. a7 Nc7 52.
Be3 Ka6 53. Bc5 Kb7 54. Bd6 {=} 54... Ne6 55. g3 Kxa7 56. Be7 Kb6 57. Bf6 Kc6
58. Be7 Kd7 59. Bb4 Ke8 60. Bd6 Kf7 61. Be5 Kg6 62. Ke3 Kf5 63. Bd6 Kg4 64. Kf2
Nd4 65. Bc7 Ne6 66. Bd6 Ng7 67. Bc7 Nf5 68. Be5 h4 69. gxh4 Nxh4 70. Bf6 Kf4
71. Bd4 Nf5 72. Bc3 Kg4 73. Bd2 Ng3 74. Bxg5 Ne4+ 75. Ke3 Kxg5 76. Kd4 Nf6 77.
Ke5 Kg6 78. Kf4 Kf7 79. Kf5 Ke7 80. Ke5 Kd7 81. Kd4 Kd6 82. Ke3 Ke5 83. Kd3 d4
84. Kd2 Ke4 85. Ke2 d3+ 86. Kf1 Ke3 87. Ke1 Ne4 88. Kd1 Nf2+ 89. Ke1 d2+ 90.
Kf1 d1=Q+ 91. Kg2 Qh1+ 92. Kg3 Qh3# 0-1

[Event "Championnat de Paris Open A"]
[Site "Paris"]
[Date "2012.07.10"]
[Round "4.55"]
[White "Murchadha, Oissine"]
[Black "Levoux, Sebastien"]
[Result "1-0"]
[WhiteElo "1857"]
[BlackElo "2046"]
[PlyCount "93"]
[EventDate "2012.??.??"]

1. e4 e6 2. d4 d5 3. Nc3 Nf6 4. e5 Nfd7 5. f4 c5 6. Nf3 Nc6 7. Be3 cxd4 8. Nxd4
Nxd4 9. Bxd4 Bb4 10. Qg4 O-O 11. Bd3 Nc5 12. O-O-O g6 13. h4 h5 14. Qf3 Nxd3+
15. Rxd3 Kg7 16. f5 b6 17. f6+ Kh7 18. Qf4 Bc5 19. g4 Ba6 20. Rd2 Bxd4 21. Rxd4
Rg8 22. Qg5 Qf8 23. gxh5 gxh5 24. Qxh5+ Qh6+ 25. Qxh6+ Kxh6 26. Rd2 Rg4 27.
Rhh2 Rag8 28. b3 Rg3 29. Nd1 Bf1 30. c4 Rc8 31. Rhf2 Bd3 32. Nb2 Be4 33. Kd1
Kh5 34. cxd5 exd5 35. e6 fxe6 36. Ke2 Rf8 37. Nd3 Bxd3+ 38. Rxd3 Rxd3 39. Kxd3
Kxh4 40. Kd4 Kg3 41. Rf1 Kg2 42. Rf4 Kg3 43. Ke5 a6 44. a3 b5 45. b4 Rh8 46. f7
Rf8 47. Rf6 1-0

[Event "Championnat de Paris Open A"]
[Site "Paris"]
[Date "2012.07.10"]
[Round "4.56"]
[White "Georgelin, Thierry"]
[Black "Preschez, Francois"]
[Result "1-0"]
[WhiteElo "2045"]
[BlackElo "1937"]
[PlyCount "102"]
[EventDate "2012.??.??"]

1. e4 c5 2. Nf3 d6 3. Bb5+ Bd7 4. Bxd7+ Qxd7 5. d4 cxd4 6. Nxd4 Nf6 7. Nc3 g6
8. O-O Bg7 9. h3 Nc6 10. Be3 O-O 11. Qe2 a6 12. Rad1 e6 13. f4 Qc7 14. f5 Nxd4
15. Bxd4 e5 16. Be3 Rac8 17. Bg5 Qc4 18. Qxc4 Rxc4 19. Bxf6 Bxf6 20. fxg6 fxg6
21. Rxd6 Be7 22. Rxf8+ Bxf8 23. Rd7 Bc5+ 24. Kf1 Bd4 25. Nd5 Rxc2 26. Nf6+ Kf8
27. Nxh7+ Kg8 28. Rxb7 Rf2+ 29. Ke1 Rxg2 30. Nf6+ Kf8 31. Ng4 Rxb2 32. Rxb2
Bxb2 33. Kd2 Ke7 34. Kd3 Kd6 35. Kc4 a5 36. Nf2 Kc6 37. Nd3 Bd4 38. Nc1 g5 39.
Nb3 Bb6 40. Nd2 Be3 41. Nf3 Kd6 42. a4 Bf4 43. Kb5 Kc7 44. Kxa5 Kb7 45. Kb5 Ka7
46. Kc5 Ka6 47. Kd5 Ka5 48. Nxe5 Kxa4 49. Nf7 Kb5 50. e5 Bc1 51. e6 Ba3 1-0

[Event "Championnat de Paris Open A"]
[Site "Paris"]
[Date "2012.07.10"]
[Round "4.57"]
[White "Chitrit, Norbert"]
[Black "Poelstra, Ben"]
[Result "1/2-1/2"]
[WhiteElo "1871"]
[BlackElo "2041"]
[PlyCount "73"]
[EventDate "2012.??.??"]

1. e4 e5 2. Nf3 Nf6 3. d3 Nc6 4. Be2 Be7 5. Nbd2 O-O 6. Nf1 d5 7. Ng3 dxe4 8.
dxe4 Qxd1+ 9. Bxd1 Bg4 10. c3 Nh5 11. Nxh5 Bxh5 12. Nxe5 Nxe5 13. Bxh5 Nd3+ 14.
Ke2 Nxc1+ 15. Raxc1 Bg5 16. Rcd1 Rad8 17. Rd5 Rxd5 18. exd5 Re8+ 19. Kd3 g6 20.
Bf3 Kf8 21. h4 Bf4 22. g3 Be5 23. Re1 Bd6 24. Rxe8+ Kxe8 25. b4 b6 26. Bd1 Ke7
27. Kc4 a6 28. a4 Kf6 29. Be2 Ke5 30. Bf3 f5 31. Kd3 h6 32. Ke3 a5 33. bxa5
Bc5+ 34. Ke2 bxa5 35. Bg2 g5 36. hxg5 hxg5 37. Bf3 1/2-1/2

[Event "Championnat de Paris Open A"]
[Site "Paris"]
[Date "2012.07.10"]
[Round "4.58"]
[White "Selvi, Laurent"]
[Black "Leblic, Mathieu"]
[Result "1-0"]
[WhiteElo "2036"]
[BlackElo "1912"]
[PlyCount "143"]
[EventDate "2012.??.??"]

1. d4 d5 2. Nf3 Nf6 3. c4 e6 4. cxd5 exd5 5. Nc3 Be7 6. Bg5 c6 7. Qc2 g6 8. e3
Bf5 9. Bd3 Bxd3 10. Qxd3 O-O 11. Ne5 Nbd7 12. f4 Re8 13. O-O-O a5 14. h4 h5 15.
Bxf6 Bxf6 16. g4 hxg4 17. h5 Bxe5 18. dxe5 Kg7 19. Rdg1 Nc5 20. Qd1 Qd7 21.
hxg6 fxg6 22. Rh4 Qf5 23. Rhxg4 Re6 24. Qc2 Qxc2+ 25. Kxc2 Rh8 26. R1g2 Rh5 27.
Ne2 Rh6 28. Nd4 Kf7 29. Nxe6 Nxe6 30. Kd3 b6 31. b3 Nc5+ 32. Kc3 Ne4+ 33. Kd4
Rh1 34. e6+ Kxe6 35. Rxg6+ Nf6 36. Rg1 Rh2 37. R6g2 Rh3 38. Kd3 c5 39. Rg3 Rh2
40. R1g2 Rh1 41. Rg7 Rh3 42. Rb7 d4 43. Rxb6+ Kf7 44. Kc4 dxe3 45. Rb7+ Ke6 46.
Rg5 Nd7 47. Rxd7 Kxd7 48. Rd5+ Kc6 49. Rxc5+ Kb6 50. Rb5+ Ka6 51. Re5 a4 52.
Re6+ Kb7 53. Kd3 axb3 54. axb3 e2+ 55. Kxe2 Rxb3 56. Re3 Rb5 57. Kf3 Kc7 58.
Kg4 Kd7 59. f5 Rb8 60. Kg5 Rb6 61. f6 Rb1 62. Kg6 Rg1+ 63. Kf7 Rg2 64. Kf8 Rg1
65. f7 Rg2 66. Rd3+ Kc7 67. Rd4 Kc6 68. Ke7 Re2+ 69. Kf6 Rf2+ 70. Ke6 Re2+ 71.
Kf5 Rf2+ 72. Rf4 1-0

[Event "Championnat de Paris Open A"]
[Site "Paris"]
[Date "2012.07.10"]
[Round "4.59"]
[White "Mezioud, Rimel"]
[Black "Parant, Pascal"]
[Result "1-0"]
[WhiteElo "2034"]
[BlackElo "1878"]
[PlyCount "143"]
[EventDate "2012.??.??"]

1. e4 c5 2. Nf3 Nc6 3. d4 cxd4 4. Nxd4 g6 5. Be3 Bg7 6. Nc3 Nf6 7. Be2 O-O 8.
O-O d5 9. exd5 Nb4 10. Qd2 Nfxd5 11. Nxd5 Nxd5 12. Bh6 e5 13. Nb3 Nf4 14. Bxf4
exf4 15. Qc1 Bf5 16. c3 Qc7 17. Rd1 Rfd8 18. Nd4 Bxd4 19. cxd4 Rac8 20. Qxc7
Rxc7 21. Rd2 Rcd7 22. Rad1 Be6 23. b3 Kg7 {=} 24. Bc4 Bd5 25. f3 Kf6 26. Kf2
Rc7 27. Rc2 b5 28. Bd3 Rxc2+ 29. Bxc2 Ke6 30. Ke2 Rc8 31. Rd2 b4 32. Bd3 Kd6
33. Rc2 Rxc2+ 34. Bxc2 h6 35. Bd3 g5 36. h3 Ke6 37. Kd2 Kd6 38. Kc2 Be6 39. Bc4
Bd5 40. Kb2 f6 41. Kc2 Bb7 42. Kd3 Bc6 43. d5 Bxd5 44. Kd4 Bb7 45. Bd3 Bd5 46.
Bf5 Bf7 47. Be4 Be6 48. Bg6 Bd5 49. Bh7 Be6 50. Ke4 Kc5 51. Bg6 Bd7 52. Bf7 Bc8
53. Bh5 a5 54. Bg4 f5+ 55. Bxf5 Bxf5+ 56. Kxf5 Kd4 57. Kg6 Kc3 58. Kxh6 Kb2 59.
Kxg5 Kxa2 60. h4 Kxb3 61. h5 Ka2 62. h6 b3 63. h7 b2 64. h8=Q b1=Q 65. Kxf4
Qc1+ 66. Kg4 Qc4+ 67. f4 Qe2+ 68. Kh3 Qd3+ 69. g3 a4 70. Qe5 Qb3 71. f5 Kb1 72.
f6 1-0

[Event "Championnat de Paris Open A"]
[Site "Paris"]
[Date "2012.07.10"]
[Round "4.60"]
[White "Treppendahl, Trine"]
[Black "Baguette, Francois"]
[Result "1/2-1/2"]
[WhiteElo "2027"]
[BlackElo "1834"]
[PlyCount "82"]
[EventDate "2012.??.??"]

1. d4 d5 2. Nf3 Nf6 3. Bf4 c6 4. e3 Qb6 5. Qc1 Bf5 6. Be2 e6 7. O-O Nbd7 8.
Nbd2 Be7 9. c4 c5 10. a3 O-O 11. Qc3 Ne4 12. Nxe4 dxe4 13. Ne5 Nxe5 14. Bxe5 f6
15. Bg3 a5 16. Rfd1 Rfd8 17. Rac1 Bd6 18. Bxd6 Qxd6 19. dxc5 Qxc5 20. b4 axb4
21. axb4 Qe7 22. c5 e5 23. Qc4+ Qe6 24. Qc3 Qe7 25. Qc4+ Qf7 26. b5 Rxd1+ 27.
Rxd1 Qxc4 28. Bxc4+ Kf8 29. h3 Ke7 30. Kf1 Rc8 31. g4 Rxc5 32. Bd5 Be6 33. Bxb7
Rxb5 34. Bxe4 h6 35. Rc1 Rb4 36. Bg6 Rc4 37. Ra1 Rc7 38. Be4 Bd7 39. Kg1 Bc6
40. Bxc6 Rxc6 41. Ra7+ Kf8 1/2-1/2

[Event "Championnat de Paris Open A"]
[Site "Paris"]
[Date "2012.07.10"]
[Round "4.61"]
[White "Bourcier, Laurent"]
[Black "Vergara, Daniel"]
[Result "1/2-1/2"]
[WhiteElo "1859"]
[BlackElo "2023"]
[PlyCount "114"]
[EventDate "2012.??.??"]

1. d4 d5 2. c4 c6 3. Nf3 Nf6 4. Nc3 dxc4 5. a4 Bf5 6. e3 e6 7. Bxc4 Bb4 8. O-O
O-O 9. Nh4 Nbd7 10. Nxf5 exf5 11. Qc2 g6 12. Bd2 Nb6 13. Bb3 a5 14. Rad1 Qe7
15. Rfe1 Rfe8 16. f3 c5 17. e4 cxd4 18. exf5 Qc5 19. Ne4 Nxe4 20. Rxe4 Qxc2 21.
Bxc2 Rxe4 22. fxe4 gxf5 23. exf5 Nd5 24. Bd3 Re8 25. Kf2 Ne3 26. Bxe3 dxe3+ 27.
Ke2 Bd2 28. b3 f6 29. Rf1 Kg7 30. Rf4 Rd8 31. Re4 Rd7 32. Re6 Kf7 33. Bc4 Kg7
34. Rb6 Re7 35. Bd5 Bb4 36. Rxb7 Rxb7 37. Bxb7 Bd2 38. Bf3 Kf7 39. Kd3 Ke7 40.
Kc4 Kd6 41. Kd4 Ke7 42. Kd5 Kd7 43. Be2 Ke7 44. Bc4 Bc3 45. Ke4 Bd2 46. Kf3 Kf8
47. Kg4 Kg7 48. Kh5 h6 49. Be2 Kh7 50. g4 Kg7 51. h4 Bc3 52. g5 hxg5 53. hxg5
fxg5 54. Kxg5 Kf7 55. Bc4+ Kf8 56. Kf4 Bd2 57. Kf3 Ke8 1/2-1/2

[Event "Championnat de Paris Open A"]
[Site "Paris"]
[Date "2012.07.10"]
[Round "4.62"]
[White "Gauthier, Arnaud"]
[Black "Rakem, Zine-Eddine"]
[Result "0-1"]
[WhiteElo "1964"]
[BlackElo "2139"]
[PlyCount "40"]
[EventDate "2012.??.??"]

1. e4 c5 2. Nf3 e6 3. d4 cxd4 4. Nxd4 a6 5. Nc3 Qc7 6. Be2 Nf6 7. a3 b5 8. f4
b4 9. e5 bxc3 10. exf6 gxf6 11. O-O Rg8 12. Bf3 Bb7 13. Qd3 cxb2 14. Bxb2 Bxf3
15. Rxf3 Nc6 16. Qxh7 Rg6 17. Kh1 Rb8 18. Bc3 Nxd4 19. Bxd4 Qxc2 20. Rc3 Qxg2#
0-1

[Event "Championnat de Paris Open A"]
[Site "Paris"]
[Date "2012.07.10"]
[Round "4.63"]
[White "Le Roux, Yann-Erle"]
[Black "Mircescu, Ovidiu"]
[Result "1/2-1/2"]
[WhiteElo "1964"]
[BlackElo "2106"]
[PlyCount "104"]
[EventDate "2012.??.??"]

1. d4 d6 2. c4 e5 3. Nf3 e4 4. Ng5 f5 5. Nc3 Be7 6. Nh3 c6 7. g3 Nf6 8. Bg5 Be6
9. Qb3 Qc8 10. Nf4 Bd7 11. e3 Na6 12. Be2 Nc7 13. h4 Ne6 14. Kf1 Nxf4 15. Bxf4
Be6 16. a4 O-O 17. Kg2 Kh8 18. Rac1 Bf7 19. h5 Rb8 20. Qa3 Qd7 21. b4 h6 22. b5
Rbd8 23. Qb3 c5 24. dxc5 dxc5 25. Rcd1 Qe6 26. a5 Rxd1 27. Qxd1 Rd8 28. Qc2 Bf8
29. Rd1 Qe8 30. Rxd8 Qxd8 31. Qd1 Qxd1 32. Nxd1 a6 33. Nc3 Nxh5 34. Be5 Kh7 35.
Nd5 Kg6 36. bxa6 bxa6 37. Nc7 Nf6 38. Nxa6 Nd7 39. Bc7 Kf6 40. Nb8 Nxb8 41.
Bxb8 Be8 42. a6 g6 43. f3 h5 44. Kf2 Ke6 45. fxe4 fxe4 46. g4 h4 47. g5 Kf5 48.
Bf4 Be7 49. Bf1 Kg4 50. Be2+ Kf5 51. Bf1 Kg4 52. Be2+ Kf5 1/2-1/2

[Event "Championnat de Paris Open A"]
[Site "Paris"]
[Date "2012.07.10"]
[Round "4.64"]
[White "Marchand, Andre"]
[Black "Leuly, Max"]
[Result "0-1"]
[WhiteElo "1944"]
[BlackElo "2100"]
[PlyCount "82"]
[EventDate "2012.??.??"]

1. d4 d5 2. c4 e6 3. Nc3 c5 4. cxd5 exd5 5. Nf3 Nc6 6. g3 Nf6 7. Bg2 Be7 8. O-O
O-O 9. Bg5 Be6 10. Rc1 c4 11. Ne5 Rc8 12. b3 cxb3 13. axb3 Ba3 14. Nxc6 bxc6
15. Rc2 Be7 16. Na4 Bf5 17. Rc1 Re8 18. Bxf6 Bxf6 19. Nc5 Qb6 20. e3 Be7 21. g4
Be6 22. f4 Bxc5 23. dxc5 Qc7 24. Ra1 Bd7 25. Qf3 Rb8 26. Ra3 Bc8 27. Rb1 Rb4
28. Rc1 Qe7 29. Rc3 Rb5 30. b4 Rxb4 31. Ra1 h6 32. Rac1 Ba6 33. Bf1 Bxf1 34.
Kxf1 Rb2 35. h3 Reb8 36. R1c2 Rxc2 37. Rxc2 Rb1+ 38. Kg2 Rb5 39. f5 Rxc5 40.
Rb2 Qe5 41. Ra2 Rc3 0-1

[Event "Championnat de Paris Open A"]
[Site "Paris"]
[Date "2012.07.10"]
[Round "4.65"]
[White "Levesque, Thomas"]
[Black "Le Ray, Olivier"]
[Result "1-0"]
[WhiteElo "2086"]
[BlackElo "1951"]
[PlyCount "95"]
[EventDate "2012.??.??"]

1. d4 Nf6 2. c4 c5 3. d5 e6 4. Nc3 exd5 5. cxd5 d6 6. e4 g6 7. Bd3 Bg7 8. f4
O-O 9. Nf3 Bg4 10. O-O a6 11. a4 Nbd7 12. h3 Bxf3 13. Qxf3 Qc7 14. Kh2 c4 15.
Bc2 b6 16. Be3 Rab8 17. Rfe1 Rfe8 18. Qf2 Nc5 19. Bd4 Rbc8 20. Rac1 Qb7 21. g4
b5 22. axb5 axb5 23. Bxc5 dxc5 24. e5 Nd7 25. Be4 b4 26. d6 Qb8 27. Nd5 Nxe5
28. Ne7+ Rxe7 29. dxe7 Nd3 30. Bxd3 cxd3 31. Rxc5 Re8 32. Rc4 Qd6 33. Rce4 g5
34. Kg2 Qd5 35. Qf3 d2 36. Rf1 gxf4 37. b3 Bc3 38. h4 Qxb3 39. Qd3 Qa2 40. Kh3
Qa8 41. h5 f3 42. Qd7 Bf6 43. h6 f2 44. Qf5 Qa6 45. Qxf2 d1=Q 46. Rxd1 Bxe7 47.
Qe3 Qf6 48. Rxe7 1-0

[Event "Championnat de Paris Open A"]
[Site "Paris"]
[Date "2012.07.10"]
[Round "4.67"]
[White "Bonvalot, Isabelle"]
[Black "Horvath, Reka"]
[Result "1/2-1/2"]
[WhiteElo "1935"]
[BlackElo "2067"]
[PlyCount "125"]
[EventDate "2012.??.??"]

1. e4 c5 2. c3 Nf6 3. e5 Nd5 4. d4 d6 5. exd6 exd6 6. Nf3 Be7 7. Be2 O-O 8.
dxc5 dxc5 9. O-O Nc6 10. c4 Ndb4 11. a3 Qxd1 12. Rxd1 Nc2 13. Ra2 Be6 14. Bg5
f6 15. Bf4 Rfd8 16. Nbd2 Rd7 17. Rb1 g5 18. Be3 Nxe3 19. fxe3 g4 20. Kf2 gxf3
21. Nxf3 Rad8 22. b3 Bf5 23. Rbb2 Bg4 24. h3 Bxf3 25. gxf3 Ne5 26. Rc2 Kf7 27.
f4 Nc6 28. Rab2 f5 29. Bf3 Bf6 30. Bd5+ Kf8 31. Rb1 Ne7 32. e4 fxe4 33. Bxe4
Ng6 34. Kf3 b6 35. b4 cxb4 36. axb4 Rd1 37. Rb3 R1d2 38. Rxd2 Rxd2 39. c5 Rb2
40. Rd3 bxc5 41. bxc5 a5 42. c6 Rc2 43. Rd7 Rc3+ 44. Kg4 Ne7 45. c7 a4 46. Bxh7
Ke8 47. Rd8+ Kf7 48. Rd7 Ke6 49. c8=Q Rxc8 50. Ra7 Rc4 51. h4 Bd4 52. Ra6+ Kf7
53. Bb1 Rb4 54. Ba2+ Kg7 55. h5 Bc5 56. Kg5 Be3 57. h6+ Kh7 58. Rf6 Rxf4 59.
Rxf4 Ng6 60. Bb1 Bxf4+ 61. Kh5 Bxh6 62. Bxg6+ Kg7 63. Bb1 1/2-1/2

[Event "Championnat de Paris Open A"]
[Site "Paris"]
[Date "2012.07.10"]
[Round "4.68"]
[White "Nikonoff, James"]
[Black "Stoeri, Laura"]
[Result "0-1"]
[WhiteElo "1934"]
[BlackElo "2066"]
[PlyCount "56"]
[EventDate "2012.??.??"]

1. e4 c5 2. Nf3 d6 3. d4 cxd4 4. Nxd4 Nf6 5. Nc3 Nc6 6. Be3 e6 7. f3 Be7 8. Qd2
O-O 9. O-O-O a6 10. g4 Nd7 11. h4 Nde5 12. Be2 Nxd4 13. Bxd4 Nc6 14. Be3 b5 15.
g5 Qa5 16. a3 Rb8 17. Nb1 b4 18. Rdg1 d5 19. axb4 Nxb4 20. c3 Na2+ 21. Kd1 dxe4
22. f4 Rd8 23. Bd4 e3 24. Qxe3 Rxb2 25. Bd3 Bd7 26. Qe4 Qf5 27. Qxf5 exf5 28.
Re1 Ba4+ 0-1

[Event "Championnat de Paris Open A"]
[Site "Paris"]
[Date "2012.07.10"]
[Round "4.69"]
[White "Benbara, Brahim"]
[Black "Kramo, Sosthene"]
[Result "0-1"]
[WhiteElo "2057"]
[BlackElo "1943"]
[PlyCount "82"]
[EventDate "2012.??.??"]

1. e4 e5 2. f4 exf4 3. Bc4 d5 4. exd5 Qh4+ 5. Kf1 Bd6 6. Nc3 Ne7 7. Nf3 Qh5 8.
d4 O-O 9. Ne5 Qxd1+ 10. Nxd1 Bf5 11. Bb3 Ng6 12. Nc4 Be7 13. Nf2 Nd7 14. Nd2
Nf6 15. Nf3 a5 16. c4 a4 17. Bd1 Rfe8 18. Bd2 Bf8 19. Be2 b5 20. h4 Nh5 21. g4
fxg3 22. Ne5 g2+ 23. Kxg2 Nhf4+ 24. Kf1 Nxe2 25. Kxe2 f6 26. h5 Nh8 27. Bf4 Nf7
28. h6 g6 29. Kd2 fxe5 30. dxe5 Nxe5 31. cxb5 Bb4+ 32. Kc1 Bc5 33. Bxe5 Rxe5
34. Nd1 Re2 35. Nc3 Be3+ 36. Kd1 Rxb2 37. Rh4 Re8 38. Rxa4 Bf2 39. Ne4 Bxe4 40.
Kc1 Rc2+ 41. Kd1 Bf5 0-1

[Event "Championnat de Paris Open A"]
[Site "Paris"]
[Date "2012.07.10"]
[Round "4.70"]
[White "Walheim, Pascal"]
[Black "Vignier, Pascal"]
[Result "0-1"]
[WhiteElo "1926"]
[BlackElo "2056"]
[PlyCount "78"]
[EventDate "2012.??.??"]

1. e4 Nf6 2. e5 Nd5 3. d4 d6 4. c4 Nb6 5. exd6 cxd6 6. Nc3 g6 7. h3 Bg7 8. Nf3
O-O 9. Be2 Nc6 10. O-O Bf5 11. Be3 e5 12. d5 Ne7 13. a4 h5 14. Qb3 Bc8 15. a5
Nd7 16. Qb4 Nf5 17. Nb5 Nxe3 18. fxe3 Nc5 19. Nd2 Qg5 20. Nxd6 Qxe3+ 21. Rf2 e4
22. Nf1 Qd4 23. Rd1 Nd3 24. Bxd3 exd3 25. b3 b6 26. Qd2 Qc5 27. Ne4 Qe7 28.
Qxd3 Bf5 29. Re2 Bxe4 30. Rxe4 Qc5+ 31. Kh1 Qxa5 32. Rde1 Qc5 33. Nd2 b5 34.
Qe3 Qd6 35. Qf4 Qxf4 36. Rxf4 bxc4 37. bxc4 Rac8 38. Re7 a5 39. Rd7 Bh6 0-1

[Event "Championnat de Paris Open A"]
[Site "Paris"]
[Date "2012.07.10"]
[Round "4.71"]
[White "Ainutdinov, Alexander"]
[Black "Djordjevic, Vladimir"]
[Result "1-0"]
[WhiteElo "2054"]
[BlackElo "1942"]
[PlyCount "79"]
[EventDate "2012.??.??"]

1. e4 e6 2. d4 d5 3. Nd2 Nf6 4. e5 Nfd7 5. Bd3 c5 6. c3 Nc6 7. Ne2 Qb6 8. Nf3
f6 9. exf6 Nxf6 10. O-O Bd6 11. Re1 O-O 12. Ng3 Bd7 13. b3 cxd4 14. cxd4 Bb4
15. Re2 Rae8 16. Bb2 Bd6 17. Ne5 Nb4 18. Nxd7 Nxd7 19. Bb1 Nf6 20. a3 Nc6 21.
Qd3 e5 22. dxe5 Bxe5 23. Ba2 Bxb2 24. Rxb2 Ne5 25. Qd2 Nfg4 26. Rf1 Kh8 27. h3
Nf6 28. Rc2 d4 29. b4 d3 30. Rc3 h5 31. Qg5 Nf7 32. Bxf7 Rxf7 33. Rxd3 Qe6 34.
Re3 Qc6 35. Rxe8+ Qxe8 36. Nxh5 Ne4 37. Re1 Qc6 38. Qd8+ Kh7 39. Qd3 Re7 40.
Ng3 1-0

[Event "Championnat de Paris Open A"]
[Site "Paris"]
[Date "2012.07.10"]
[Round "4.72"]
[White "Lam-Roques, Kalvin"]
[Black "Forget, Cyril"]
[Result "1-0"]
[WhiteElo "2039"]
[BlackElo "1935"]
[PlyCount "49"]
[EventDate "2012.??.??"]

1. e4 c6 2. d4 d5 3. Nc3 dxe4 4. Nxe4 Nd7 5. Nf3 Ngf6 6. Ng3 e6 7. Bd3 Be7 8.
c4 O-O 9. O-O b6 10. Qe2 c5 11. Rd1 Qc7 12. d5 Nb8 13. dxe6 Bxe6 14. Ng5 Bg4
15. f3 Bc8 16. b3 Nc6 17. Bb2 h6 18. N5e4 Nh7 19. Re1 Be6 20. Rad1 Rad8 21. Qe3
Rfe8 22. Bxg7 Kxg7 23. Nh5+ Kh8 24. Nef6 Rxd3 25. Qxh6 1-0